Statistics for Medium History Multiple Choice

Click here to take the quiz!

General Stats

  • This quiz has been taken 218 times
  • The average score is 9 of 15

Answer Stats

QuestionAnswer% Correct
From whom did the USA buy Alaska?Russia
87%
When did the 2nd World War start?1939
85%
Which from the following wasn't one of the 3 Great Revolutions?The Cuban Revolution
85%
When did Christopher Columbus discover America?1492
84%
What's the main modern country the Incas inhabited?Peru
77%
Which was the Roman Empire's capital after Rome?Constantinople
68%
Which was the largest mainland empire?The Mongol Empire
65%
Where did the First Modern Olympics get hosted in 1896?Athens, Greece
62%
From which colonial power did Tunisia get independence?France
59%
The Chinese Civil war was fought between the..Nationalists and the Communists
43%
What was the last colony of Great Britain?Zimbabwe
41%
When did the Soviet Union collapse?1991
38%
Which from the following stayed neutral in WW1?Spain
32%
Where did the first civilization appear?Mesopotamia
23%
Which was the only African country that didn't fall to the Europeans?Ethiopia
18%

Score Distribution

Percentile by Number Answered

Percent of People with Each Score

Your Score History

You have not taken this quiz